Top 110 najpopularniejszych imion męskich w 2025 roku - Statystyki

Ogólne statystyki
  • Ten quiz został rozwiązany 96 razy
  • Średni wynik to 60 z 110
Statystyki odpowiedzi
Miejsce Liczba mieszkańców Imię % Poprawnych
1 686017 Piotr
89%
10 401374 Adam
88%
9 430513 Jakub
88%
2 636783 Krzysztof
88%
47 158972 Aleksander
84%
4 523382 Andrzej
84%
7 470073 Jan
84%
23 251205 Kamil
82%
12 377349 Mateusz
82%
5 504110 Paweł
82%
15 357358 Stanisław
82%
43 173307 Antoni
80%
14 372329 Grzegorz
80%
51 138514 Franciszek
79%
6 492282 Michał
79%
29 204697 Bartosz
77%
25 239317 Dawid
77%
13 373643 Marek
77%
56 125918 Bartłomiej
75%
42 173805 Filip
75%
45 165855 Karol
75%
3 535129 Tomasz
73%
44 170985 Daniel
71%
11 382952 Łukasz
71%
24 242985 Szymon
71%
63 94594 Igor
70%
38 180132 Patryk
70%
36 183947 Damian
68%
8 448444 Marcin
68%
17 285308 Mariusz
68%
26 230268 Kacper
66%
20 261152 Rafał
66%
76 63961 Leon
64%
73 71621 Nikodem
64%
16 335519 Wojciech
64%
18 281738 Dariusz
63%
48 155514 Henryk
63%
35 186026 Sebastian
63%
22 255719 Zbigniew
63%
53 135762 Dominik
61%
98 29932 Eryk
61%
66 90158 Hubert
61%
19 267473 Maciej
61%
21 258161 Robert
61%
58 116447 Wiktor
61%
65 90507 Konrad
59%
69 79057 Oskar
59%
30 197639 Artur
57%
39 176779 Janusz
57%
34 189339 Jarosław
57%
49 149211 Adrian
55%
55 132812 Arkadiusz
55%
50 138618 Mikołaj
55%
33 192239 Tadeusz
55%
27 229562 Jerzy
54%
31 196113 Józef
54%
59 111318 Krystian
54%
40 176127 Mirosław
54%
78 59722 Oliwier
54%
32 195127 Ryszard
54%
46 165373 Przemysław
52%
41 174646 Roman
52%
93 40323 Zenon
52%
77 62010 Czesław
50%
57 123964 Marian
50%
62 103643 Radosław
50%
88 47464 Cezary
48%
86 48815 Ignacy
48%
74 67495 Władysław
48%
52 137640 Kazimierz
46%
75 66652 Miłosz
46%
94 39363 Norbert
46%
37 182723 Sławomir
46%
89 45319 Gabriel
45%
91 43337 Julian
45%
95 39329 Tymoteusz
45%
68 80485 Marcel
43%
61 104345 Waldemar
43%
90 44615 Włodzimierz
43%
60 110626 Leszek
41%
100 24193 Natan
41%
83 53741 Stefan
41%
84 52939 Sylwester
41%
92 41720 Tymon
41%
54 133536 Wiesław
41%
97 33101 Błażej
39%
64 92744 Bogdan
38%
28 229212 Jacek
38%
106 19618 Olaf
38%
67 88799 Zdzisław
38%
105 20509 Bronisław
36%
104 20675 Wacław
36%
109 17605 Bolesław
34%
70 76000 Edward
34%
96 35904 Fabian
34%
79 58259 Ireneusz
34%
71 72536 Maksymilian
34%
87 48436 Zygmunt
32%
85 52531 Alan
30%
81 57965 Eugeniusz
30%
72 72381 Mieczysław
30%
99 29341 Emil
29%
82 54878 Witold
29%
80 57973 Bogusław
27%
102 22317 Lech
27%
110 17388 Bruno
23%
103 21264 Borys
21%
107 19126 Remigiusz
20%
108 18603 Kajetan
16%
101 22630 Ksawery
11%
Nie znaleziono quizów pasujących do podanych kryteriów
Rozkład punktacji
Procent ludzi z każdym wynikiem
Percentyl według liczby udzielonych odpowiedzi
Twoja historia wyników
Nie rozwiązałeś tego quizu